000 00548cam a2200217 4500
008 090401t1991 xxu||||| |||| 00| 0 eng d
020 _a0582081335
035 _a(Sirsi) u54292
041 _aeng
050 _a690.026
245 _aBuilding law reports. - Volume 51.
260 _aLondon
_bLongman
_c1991
300 _avi,137p. ; 23cm.
350 _a0
650 _aBUILDING INDUSTRY
650 _aLAW REPORTS
690 _aBUILDING AND CONSTRUCTION-CASE LAW
700 _aLLoyd, Humphrey
_xEditor
942 _n0
948 _c04/03/1997
999 _c93451
_d93451